000 00548nam a2200229Ia 4500
003 OSt
005 20221005130716.0
006 a|||||r|||| 00| 0
007 ta
008 221004b |||||||| |||| 00| 0 tam d
024 _a51978
037 _cTextual
040 _aCRL
_cCRL
_btam
041 _2tam
_atam
082 _aQ23, 31K9
100 _aArunachalam Au.
_9191606
245 0 _aSaiva samayam
260 _c1969
650 _aRELIGION
942 _hQ23, 31K9
_cTEXL
_2cc
999 _c1058132
_d1058132